Christmas Word Jumble - Statistics

General Stats
  • This quiz has been taken 4,271 times
  • The average score is 12 of 15
Answer Stats
Hint Answer % Correct
yah hay
96%
ftig gift
94%
raym Mary
93%
trsa star
93%
eusjs Jesus
91%
ngik king
91%
vloe love
91%
mehelhteb Bethlehem
88%
nergam manger
83%
spjohe Joseph
75%
neagls angels
71%
kynode donkey
67%
arclso carols
57%
ensemsiw wisemen
54%
peerhhsd shepherd
26%
No matching quizzes found
Score Distribution
Percent of People with Each Score
Percentile by Number Answered
Your Score History
You have not taken this quiz